NLSUI OPAC header image

Chanakya's new manifesto to resolve the crisis within India / (Record no. 40130)

MARC details
000 -LEADER
fixed length control field 00717cam a2200241 i 4500
001 - CONTROL NUMBER
control field 17886378
003 - CONTROL NUMBER IDENTIFIER
control field OSt
005 - DATE AND TIME OF LATEST TRANSACTION
control field 20260416081926.0
008 - FIXED-LENGTH DATA ELEMENTS--GENERAL INFORMATION
fixed length control field 130319s2013 ii 000 0 eng d
010 ## - LIBRARY OF CONGRESS CONTROL NUMBER
LC control number 2013319241
020 ## - INTERNATIONAL STANDARD BOOK NUMBER
International Standard Book Number 9789382277095
040 ## - CATALOGING SOURCE
Transcribing agency .
082 ## - DEWEY DECIMAL CLASSIFICATION NUMBER
Classification number 320.654 VAR
100 1# - MAIN ENTRY--PERSONAL NAME
Personal name Varma, Pavan K.,
Dates associated with a name 1953-
245 10 - TITLE STATEMENT
Title Chanakya's new manifesto to resolve the crisis within India /
Statement of responsibility, etc. Pavan K. Varma.
264 #1 - PRODUCTION, PUBLICATION, DISTRIBUTION, MANUFACTURE, AND COPYRIGHT NOTICE
Place of production, publication, distribution, manufacture New Delhi, India :
Name of producer, publisher, distributor, manufacturer Aleph,
Date of production, publication, distribution, manufacture, or copyright notice 2013.
300 ## - PHYSICAL DESCRIPTION
Extent 248 pages ;
Dimensions 20 cm
365 ## - TRADE PRICE
Price amount Rs. 298
650 #0 - SUBJECT ADDED ENTRY--TOPICAL TERM
Topical term or geographic name entry element Public administration
Geographic subdivision India.
651 #0 - SUBJECT ADDED ENTRY--GEOGRAPHIC NAME
Geographic name India
General subdivision Politics and government
Chronological subdivision 21st century.
651 #0 - SUBJECT ADDED ENTRY--GEOGRAPHIC NAME
Geographic name India
General subdivision Politics and government
Chronological subdivision 20th century.
942 ## - ADDED ENTRY ELEMENTS (KOHA)
Source of classification or shelving scheme Dewey Decimal Classification
Koha item type BOOKs
Holdings
Withdrawn status Lost status Damaged status Not for loan Home library Current library Shelving location Date acquired Cost, normal purchase price Total Checkouts Full call number Barcode Date last seen Price effective from Koha item type
        . .   30.05.2017 295.00   320.654 VAR 33996 30.05.2017 30.05.2017 BOOKs